| 000 | 00413nam a2200157 4500 | ||
|---|---|---|---|
| 001 | 4579 | ||
| 005 | 20181127173709.0 | ||
| 020 | 0 | 0 | _a9788184955774 |
| 090 | 0 | 0 | _aFIC I652m |
| 100 | 0 | 0 | _aIrani, Mehrab. |
| 245 | 0 | 0 |
_aMad money journey : _bA financial adventure / _cMehrab Irani. _h |
| 260 | 0 | 0 |
_aAhmedabad : _bJaico Publisher, _c2014. |
| 300 | 0 | 0 | _a229 p. ; 20 cm. |
| 650 | 0 | 0 |
_aFinance, Personal. _x |
| 650 | 0 | 0 |
_aMoney. _x |
| 999 |
_c3797 _d3797 |
||